Gran Bretaña y la independencia del Río de la Plata
Збережено в:
| Автор: | |
|---|---|
| Формат: | Книга |
| Мова: | Іспанська |
| Опубліковано: |
Buenos Aires
Paidos
1967
|
| Серія: | Biblioteca América Latina, 2
|
| Предмети: | |
| Теги: |
Додати тег
Немає тегів, Будьте першим, хто поставить тег для цього запису!
|
MARC
| LEADER | 00000nam a2200000 a 4500 | ||
|---|---|---|---|
| 001 | UCO3184 | ||
| 003 | CL-VaPUC | ||
| 008 | 000714e19670000AG |||||||||||||||||spa|d | ||
| 082 | 0 | 4 | |a 982.03 |b STR |2 21 |
| 100 | 0 | |a Street, John |e author |9 447103 | |
| 245 | 1 | 0 | |a Gran Bretaña y la independencia del Río de la Plata |
| 300 | |a 292 p | ||
| 942 | |c BK | ||
| 945 | |d 20000714 00:00:00 |a rherrera | ||
| 260 | |a Buenos Aires |b Paidos |c 1967 | ||
| 650 | 7 | |a HISTORIA DE ARGENTINA SIGLO 19 |2 CL-VaPUC |9 378483 | |
| 650 | 7 | |a INDEPENDENCIA DE ARGENTINA |2 CL-VaPUC |9 447104 | |
| 650 | 0 | |a Relaciones Internacionales |9 255740 | |
| 651 | 0 | |a Argentina |9 254888 | |
| 651 | 0 | |a Inglaterra |9 255158 | |
| 583 | |a last modification |c 20160829 03:32:18 |k Rodrigo Vera | ||
| 490 | 0 | |a Biblioteca América Latina, 2 | |
| 999 | |c 289654 |d 289652 | ||
| 952 | |0 0 |1 0 |4 0 |6 982_030000000000000_STR_1967 |7 0 |8 A |9 338228 |a BIBHIS |b BIBHIS |d 2019-11-20 |i 1298046 |o 982.03 STR 1967 |p 1298046 |r 2025-01-20 |w 2019-11-20 |y BK |k HIS | ||
| 952 | |0 0 |1 0 |4 0 |6 982_030000000000000_STR_1967 |7 0 |8 A |9 338229 |a BIBHIS |b BIBHIS |d 2019-11-20 |i 1298054 |o 982.03 STR 1967 |p 1298054 |r 2025-01-20 |w 2019-11-20 |y BK |k HIS | ||
| 952 | |0 0 |1 0 |4 0 |6 982_030000000000000_STR_1967 |7 0 |8 A |9 338230 |a BIBHIS |b BIBHIS |d 2019-11-20 |i 3769100 |o 982.03 STR 1967 |p 3769100 |r 2025-01-20 |w 2019-11-20 |y BK |k HIS | ||